书目信息 |
| 题名: |
篮球裁判必读
|
|
| 作者: | 张伯坦 , 阎育东 编著 | |
| 分册: | ||
| 出版信息: | 北京 北京体育大学出版社 1998.08 |
|
| 页数: | 336页 | |
| 开本: | 32开 | |
| 丛书名: | ||
| 单 册: | ||
| 中图分类: | G841.4-44 | |
| 科图分类: | ||
| 主题词: | 球类运动 | |
| 电子资源: | ||
| ISBN: | 7-81051-295-1 | |
| 000 | 00603nam0 2200205 45 | |
| 001 | 0012111625 | |
| 005 | 20001211161752.0 | |
| 010 | @a7-81051-295-1@d22.80元 | |
| 100 | @a20001211d1998 km y0chiy0120 ea | |
| 101 | 0 | @achi |
| 105 | @a z 000yy | |
| 200 | 1 | @a篮球裁判必读@ALan Qiu Cai Pan Bi Du@f张伯坦,阎育东编著@FZhang Bo Tan,Yan Yu Dong Bian Zhu |
| 210 | @a北京@c北京体育大学出版社@d1998.08 | |
| 215 | @a336页@d32开 | |
| 606 | 0 | @a球类运动 |
| 690 | @aG841.4-44@v3 | |
| 701 | 0 | @a张伯坦@4编著 |
| 701 | 0 | @a阎育东@4编著 |
| 801 | @aCN@bftUser@c20001211 | |
| 905 | @b306058-061@dG841.4-44@eZH803@f4 | |
| 篮球裁判必读/张伯坦,阎育东编著.-北京:北京体育大学出版社,1998.08 |
| 336页;32开 |
| ISBN 7-81051-295-1:22.80元 |
| ● |
| 相关链接 |
|
|
|
正题名:篮球裁判必读
索取号:G841.4-44/ZH803
 
预约/预借
| 序号 | 登录号 | 条形码 | 馆藏地/架位号 | 状态 | 备注 |
| 1 | 306058 | 203060588 | 社科库409/ [索取号:G841.4-44/ZH803] | 在馆 | |
| 2 | 306059 | 203060597 | 社科库409/409社科库 23排1列4层/ [索取号:G841.4-44/ZH803] | 在馆 | |
| 3 | 306060 | 203060604 | 社科库409/422社科库 53排3列1层/ [索取号:G841.4-44/ZH803] | 在馆 | |
| 4 | 306061 | 203060613 | 社科库409/409社科库 23排1列4层/ [索取号:G841.4-44/ZH803] | 在馆 |